| 000 | 00698nam a2200181 4500 | ||
|---|---|---|---|
| 001 | 138879 | ||
| 003 | ES-MaACL | ||
| 005 | 20230906195646.0 | ||
| 007 | t| | ||
| 008 | 070214s1958 cu r ||||1| spa d | ||
| 100 | 1 |
_aSantovenia, Emeterio S. _9103543 |
|
| 245 | 1 | 0 |
_aJosé Miguel Gómez _b: contribución biográfica a la conmemoración del primer centenario de su nacimiento / _cpor Emeterio Santovenia Echaide. |
| 260 |
_aLa Habana : _b[s. n.], _c1958 ( _fImp. `El Siglo XX`) |
||
| 300 |
_a34 p., 1 lám. = retr. biogr. ; _c24 cm. |
||
| 500 | _aPrecede al tít.: Academia de la Historia de Cuba. | ||
| 710 | 2 |
_aAcademia de la Historia de Cuba. _91183 |
|
| 852 |
_aES-MaACL _j2018-F-21 _bR.45346 |
||
| 999 |
_c138879 _d138879 |
||